000 00401cam a2200157ua 4500
041 _aeng
_h
082 _a823.308
_bGAR/CA
100 _aGardner, Earle Stanley .
245 _aCase of the deadly toy /
_cEarle Stanley Gardner.
_hTextual Documents
250 _a1 /
_b.
260 _aNew York :
_bPocket books INC ,
_c1961.
300 _a198 ; .
504 _a
942 _cBK
999 _c7879
_d7879